ბათუმის შოთა რუსთაველის სახელმწიფო უნივერსიტეტის ბიბლიოთეკა

ქართული ლარის გადარჩენის ათი აქსიომა=Ten Axioms of saving Georgian Lari (ბიბ.ჩანაწერი № 51315)

000 -LEADER
fixed length control field 00953nam a2200265Ia 4500
001 - CONTROL NUMBER
control field 18284
003 - CONTROL NUMBER IDENTIFIER
control field GE_BSU
008 - FIXED-LENGTH DATA ELEMENTS--GENERAL INFORMATION
fixed length control field 181216s||||||||xx |||||||||||||| ||und||
020 ## - INTERNATIONAL STANDARD BOOK NUMBER
International Standard Book Number 9789941082610
040 ## - CATALOGING SOURCE
Transcribing agency GE_BSU
080 ## - UNIVERSAL DECIMAL CLASSIFICATION NUMBER
Universal Decimal Classification number 336+338.124.4(479.22)
100 ## - MAIN ENTRY--PERSONAL NAME
Personal name ქოქიაური,ლამარა
245 ## - TITLE STATEMENT
Title ქართული ლარის გადარჩენის ათი აქსიომა=Ten Axioms of saving Georgian Lari
245 ## - TITLE STATEMENT
Statement of responsibility, etc. რედ.იაკობ მესხია
260 ## - PUBLICATION, DISTRIBUTION, ETC.
Place of publication, distribution, etc. თბილისი
260 ## - PUBLICATION, DISTRIBUTION, ETC.
Name of publisher, distributor, etc. კალმოსანი
260 ## - PUBLICATION, DISTRIBUTION, ETC.
Date of publication, distribution, etc. 2015
300 ## - PHYSICAL DESCRIPTION
Extent 207გვ.21სმ.ილ.
300 ## - PHYSICAL DESCRIPTION
Accompanying material ბიბლ.გვ.204-207
653 ## - INDEX TERM--UNCONTROLLED
Uncontrolled term ეკონომიკა
653 ## - INDEX TERM--UNCONTROLLED
Uncontrolled term ქართული ლარი
653 ## - INDEX TERM--UNCONTROLLED
Uncontrolled term ქართული ლარის გადარჩენის ათი აქსიომა
942 ## - ADDED ENTRY ELEMENTS (KOHA)
Koha item type წიგნი
ეგზემპლარები
Withdrawn status Lost status Damaged status Not for loan Date acquired Barcode Date last seen Price effective from Koha item type
        2018-12-17 46579 2018-12-17 2018-12-17 წიგნი
        2018-12-17 46580 2018-12-17 2018-12-17 წიგნი
        2018-12-17 46581 2018-12-17 2018-12-17 წიგნი
        2018-12-17 46582 2018-12-17 2018-12-17 წიგნი
        2018-12-17 46583 2018-12-17 2018-12-17 წიგნი